Microsoft Excel 2000 : brief version. / (Record no. 1029)
[ view plain ]
| 000 -LEADER | |
|---|---|
| fixed length control field | 01599cam a2200361 a 4500 |
| 001 - CONTROL NUMBER | |
| control field | 202363 |
| 005 - DATE AND TIME OF LATEST TRANSACTION | |
| control field | 20210414113950.0 |
| 008 - FIXED-LENGTH DATA ELEMENTS--GENERAL INFORMATION | |
| fixed length control field | 990318s2000 maua 001 0 eng |
| 010 ## - LIBRARY OF CONGRESS CONTROL NUMBER | |
| LC control number | 99062022 |
| 020 ## - INTERNATIONAL STANDARD BOOK NUMBER | |
| International Standard Book Number | 0072337508 |
| 040 ## - CATALOGING SOURCE | |
| Original cataloging agency | DLC |
| Transcribing agency | DLC |
| Modifying agency | DLC |
| 050 00 - LIBRARY OF CONGRESS CALL NUMBER | |
| Classification number | HF5548.4.M523O297 |
| 082 00 - DEWEY DECIMAL CLASSIFICATION NUMBER | |
| Classification number | 005.369 |
| Edition number | 21 |
| 100 1# - MAIN ENTRY--PERSONAL NAME | |
| Personal name | O'Leary, Timothy J., |
| Dates associated with a name | 1947- |
| 245 10 - TITLE STATEMENT | |
| Title | Microsoft Excel 2000 : brief version. / |
| Statement of responsibility, etc. | Timothy J. O'Leary, Linda I. O'Leary. |
| 250 ## - EDITION STATEMENT | |
| Edition statement | Brief ed. |
| 260 ## - PUBLICATION, DISTRIBUTION, ETC. | |
| Place of publication, distribution, etc. | Boston, Mass. : |
| Name of publisher, distributor, etc. | Irwin/McGraw-Hill, |
| Date of publication, distribution, etc. | 2000. |
| 300 ## - PHYSICAL DESCRIPTION | |
| Extent | xi, + various pagings : |
| Other physical details | col. ill. ; |
| Dimensions | 28 cm. |
| 490 1# - SERIES STATEMENT | |
| Series statement | The O'Leary series |
| 500 ## - GENERAL NOTE | |
| General note | Includes index. |
| 505 ## - FORMATTED CONTENTS NOTE | |
| Formatted contents note | Contents: Introducing common office 2000 features -- Creating and editing a worksheet -- Charting worksheet data -- Managing and analyzing a workbook -- Linking excel and word. |
| 630 00 - SUBJECT ADDED ENTRY--UNIFORM TITLE | |
| Uniform title | Microsoft Excel (Computer file) |
| 650 #0 - SUBJECT ADDED ENTRY--TOPICAL TERM | |
| Topical term or geographic name entry element | Business |
| General subdivision | Computer programs. |
| 650 #0 - SUBJECT ADDED ENTRY--TOPICAL TERM | |
| Topical term or geographic name entry element | Electronic spreadsheets. |
| 700 1# - ADDED ENTRY--PERSONAL NAME | |
| Personal name | O'Leary, Linda I. |
| 800 1# - SERIES ADDED ENTRY--PERSONAL NAME | |
| Personal name | O'Leary, Timothy J., |
| Dates associated with a name | 1947- |
| Title of a work | O'Leary series. |
| 856 42 - ELECTRONIC LOCATION AND ACCESS | |
| Materials specified | Publisher description |
| Uniform Resource Identifier | <a href="http://www.loc.gov/catdir/description/mh023/99062022.html">http://www.loc.gov/catdir/description/mh023/99062022.html</a> |
| 856 41 - ELECTRONIC LOCATION AND ACCESS | |
| Materials specified | Table of contents |
| Uniform Resource Identifier | <a href="http://www.loc.gov/catdir/toc/mh023/99062022.html">http://www.loc.gov/catdir/toc/mh023/99062022.html</a> |
| 856 42 - ELECTRONIC LOCATION AND ACCESS | |
| Materials specified | Contributor biographical information |
| Uniform Resource Identifier | <a href="http://www.loc.gov/catdir/enhancements/fy0737/99062022-b.html">http://www.loc.gov/catdir/enhancements/fy0737/99062022-b.html</a> |
| 906 ## - LOCAL DATA ELEMENT F, LDF (RLIN) | |
| a | 7 |
| b | cbc |
| c | orignew |
| d | 2 |
| e | epcn |
| f | 19 |
| g | y-gencatlg |
| 942 ## - ADDED ENTRY ELEMENTS (KOHA) | |
| Source of classification or shelving scheme | Library of Congress Classification |
| Koha item type | Books |
| Withdrawn status | Lost status | Source of classification or shelving scheme | Damaged status | Not for loan | Home library | Current library | Shelving location | Date acquired | Total Checkouts | Full call number | Barcode | Date last seen | Copy number | Price effective from | Koha item type |
|---|---|---|---|---|---|---|---|---|---|---|---|---|---|---|---|
| Library of Congress Classification | WISCONSIN INTERNATIONAL UNIVERSITY COLLEGE, GHANA - MAIN LIBRARY | WISCONSIN INTERNATIONAL UNIVERSITY COLLEGE, GHANA - MAIN LIBRARY | General Stacks | 30/05/2012 | HF5548.4.M523O297 | 2503/12 | 30/05/2012 | 1 | 30/05/2012 | Books | |||||
| Library of Congress Classification | WISCONSIN INTERNATIONAL UNIVERSITY COLLEGE, GHANA - MAIN LIBRARY | WISCONSIN INTERNATIONAL UNIVERSITY COLLEGE, GHANA - MAIN LIBRARY | General Stacks | 30/05/2012 | HF5548.4.M523O2971 | 2504/12 | 30/05/2012 | 2 | 30/05/2012 | Books | |||||
| Library of Congress Classification | WISCONSIN INTERNATIONAL UNIVERSITY COLLEGE, GHANA - MAIN LIBRARY | WISCONSIN INTERNATIONAL UNIVERSITY COLLEGE, GHANA - MAIN LIBRARY | General Stacks | 30/05/2012 | HF5548.4.M523O2972 | 2505/12 | 30/05/2012 | 3 | 30/05/2012 | Books | |||||
| Library of Congress Classification | WISCONSIN INTERNATIONAL UNIVERSITY COLLEGE, GHANA - MAIN LIBRARY | WISCONSIN INTERNATIONAL UNIVERSITY COLLEGE, GHANA - MAIN LIBRARY | General Stacks | 30/05/2012 | HF5548.4.M523O2973 | 2506/12 | 30/05/2012 | 4 | 30/05/2012 | Books | |||||
| Library of Congress Classification | WISCONSIN INTERNATIONAL UNIVERSITY COLLEGE, GHANA - MAIN LIBRARY | WISCONSIN INTERNATIONAL UNIVERSITY COLLEGE, GHANA - MAIN LIBRARY | General Stacks | 30/05/2012 | HF5548.4.M523O2974 | 2507/12 | 30/05/2012 | 5 | 30/05/2012 | Books |
